Hiihdon maailmancupissa top3:n yltäneet mieshiihtäjät 2000-luvulla - Statistics

Yleistilastot
  • Tätä visaa on pelattu 64 kertaa
  • Keskiarvotulos 41 / 239
Vastaustilastot
Kansalaisuus Podiumien määrä Vastaus % Oikein
Suomi 27 Iivo Niskanen
98%
Norja 137 Johannes Hosflot Kläbo
88%
Venäjä 58 Alexander Bolshunov
83%
Norja 83 Petter Northug
81%
Norja 9 Even Northug
79%
Suomi 9 Sami Jauhojärvi
79%
Norja 1 Tomas Northug
77%
Italia 47 Federico Pellegrino
73%
Suomi 1 Perttu Hyvärinen
71%
Suomi 2 Lauri Vuorinen
69%
Norja 30 Harald Östberg Amundsen
65%
Norja 69 Martin Johnsrud Sundby
63%
Sveitsi 70 Dario Cologna
62%
Norja 27 Martin Löwström Nyenget
62%
Norja 28 Emil Iversen
60%
Suomi 1 Joni Mäki
60%
Ruotsi 8 Edvin Anger
58%
Suomi 10 Matti Heikkinen
58%
Norja 31 Simen Hegstad Kruger
58%
Ruotsi 7 William Poromaa
58%
Ranska 4 Hugo Lapalus
54%
Norja 7 Trond Iversen
54%
Norja 31 Erik Valnes
52%
Sveitsi 1 Gianluca Cologna
52%
Ruotsi 20 Calle Halfvarsson
50%
Norja 5 Lars Heggen
50%
Ranska 22 Lucas Chanavat
50%
Suomi 4 Jari Isometsä
48%
Ranska 19 Richard Jouve
48%
Kanada 29 Alex Harvey
46%
Norja 14 Hans Christer Holund
46%
Ranska 5 Jules Chappaz
46%
Ranska 28 Maurice Manificat
46%
Suomi 2 Mika Myllylä
46%
Suomi 2 Ville Nousiainen
44%
Norja 1 Andreas Fjorden Ree
40%
Iso-Britannia 4 Andrew Musgrave
40%
Yhdysvallat 2 Ben Ogden
38%
Norja 4 Einar Hedegart
38%
Yhdysvallat 4 Gus Schumacher
38%
Norja 4 Oskar Opstad Vike
38%
Suomi 2 Harri Kirvesniemi
37%
Tsekki 39 Lukas Bauer
37%
Itävalta 4 Mika Vermeulen
37%
Venäjä 48 Sergey Ustiugov
37%
Venäjä 1 Saveli Korostelev
35%
Norja 19 Didrik Tönseth
33%
Norja 5 Iver Tildheim Andersen
33%
Norja 6 Mattis Stenshagen
33%
Ruotsi 1 Alvar Myhlback
31%
Ranska 4 Jules Lapierre
31%
Ruotsi 21 Marcus Hellner
31%
Tsekki 1 Michal Novak
31%
Norja 23 Sjur Röthe
31%
Kazakstan 26 Alexey Poltoranin
29%
Italia 10 Francesco De Fabiani
29%
Suomi 1 Martti Jylhä
29%
Norja 41 Pål Golberg
29%
Norja 11 Sindre Björnestad Skar
29%
Sveitsi 1 Valerio Grond
29%
Norja 27 Finn Hågen Krogh
27%
Saksa 4 Friedrich Moch
27%
Suomi 1 Matias Strandvall
27%
Norja 4 Ansgar Evensen
25%
Ruotsi 1 Anton Grahn
25%
Venäjä 5 Denis Spitsov
25%
Sveitsi 2 Janik Riebli
25%
Norja 11 Jon Kristian Dahl
25%
Ruotsi 1 Marcus Grate
25%
Norja 6 Niklas Dyrhaug
25%
Ruotsi 1 Jens Burman
23%
Ruotsi 3 Oskar Svensson
23%
Venäjä 33 Alexander Legkov
21%
Viro 10 Andrus Veerpalu
21%
Saksa 30 Axel Teichmann
21%
Ruotsi 25 Emil Jönsson
21%
Ruotsi 7 Johan Olsson
21%
Ruotsi 1 Niklas Jonsson
21%
Italia 2 Simone Mocellini
21%
Venäjä 2 Andrey Larkov
19%
Sveitsi 1 Cyril Fähndrich
19%
Norja 5 Jan Thomas Jenssen
19%
Kiina 1 Qiang Wang
19%
Saksa 32 Tobias Angerer
19%
Yhdysvallat 1 James Clinton Schoonmaker
17%
Espanja 12 Johann Muhlegg
17%
Venäjä 4 Alexey Chervotkin
15%
Itävalta 2 Benjamin Moser
15%
Italia 12 Cristian Zorzi
15%
Norja 24 Eirik Brandsdal
15%
Norja 1 Håvard Moseby
15%
Ruotsi 1 Johan Häggström
15%
Norja 32 Ola Vigen Hattestad
15%
Italia 12 Giorgio Di Centa
13%
Ranska 6 Jean-Marc Gaillard
13%
Iso-Britannia 3 Andrew Young
12%
Itävalta 16 Christian Hoffmann
12%
Venäjä 24 Maxim Vylegzhanin
12%
Venäjä 14 Nikita Kriukov
12%
Norja 3 Ole Einar Björndalen
12%
Suomi 1 Sami Repo
12%
Norja 31 Tor Arne Hetland
12%
Venäjä 6 Alexander Bessmertnykh
10%
Venäjä 1 Alexander Terentev
10%
Kanada 13 Devon Kershaw
10%
Norja 18 Frode Estil
10%
Viro 7 Jaak Mae
10%
Ruotsi 20 Per Elofsson
10%
Saksa 19 Rene Sommerfeldt
10%
Suomi 1 Toni Ketelä
10%
Ranska 26 Vincent Vittoz
10%
Ruotsi 9 Daniel Rickardsson
8%
Norja 23 Eldar Rönning
8%
Norja 3 Erling Jevne
8%
Norja 8 Håvard Solås Taugböl
8%
Suomi 1 Janne Immonen
8%
Suomi 1 Juha Lallukka
8%
Ruotsi 13 Mathias Fredriksson
8%
Itävalta 5 Mikhail Botvinov
8%
Norja 19 Odd-Björn Hjelmeset
8%
Italia 20 Pietro Piller Cottrer
8%
Italia 2 Silvio Fauner
8%
Ruotsi 16 Thobias Fredriksson
8%
Norja 15 Thomas Alsgaard
8%
Suomi 1 Ari Palolahti
6%
Ruotsi 8 Björn Lind
6%
Venäjä 9 Evgeniy Belov
6%
Venäjä 6 Gleb Retivykh
6%
Venäjä 5 Ivan Yakimushkin
6%
Norja 24 Jens Arne Svartedal
6%
Norja 6 Öystein Pettersen
6%
Ranska 1 Renaud Jay
6%
Saksa 2 Tim Tscharnke
6%
Venäjä 17 Alexey Petukhov
4%
Venäjä 2 Andrey Melnichenko
4%
Ranska 4 Baptiste Gros
4%
Suomi 4 Keijo Kurttila
4%
Suomi 2 Lauri Pyykönen
4%
Liechtenstein 1 Markus Hasler
4%
Tsekki 2 Martin Jaks
4%
Venäjä 7 Nikolay Morilov
4%
Saksa 1 Peter Schlickenrieder
4%
Ranska 1 Roddy Darragon
4%
Valko-Venäjä 2 Sergei Dolidovich
4%
Yhdysvallat 4 Simeon Hamilton
4%
Norja 4 Sondre Turvoll Fossli
4%
Ruotsi 12 Teodor Peterson
4%
Sveitsi 1 Toni Livers
4%
Norja 3 Tord Asle Gjerdalen
4%
Norja 4 Tore Ruud Hofstad
4%
Norja 13 Anders Aukland
2%
Norja 14 Anders Glöersen
2%
Venäjä 3 Artem Maltsev
2%
Norja 6 Chris Andre Jespersen
2%
Sveitsi 2 Christoph Eigenmann
2%
Ranska 5 Emmanuel Jonnier
2%
Italia 3 Fabio May
2%
Saksa 3 Franz Göring
2%
Norja 2 Henrik Dönnestad
2%
Kanada 1 Ivan Babikov
2%
Venäjä 1 Ivan Ivanov
2%
Saksa 5 Jens Filbrich
2%
Norja 1 Jörgen Aukland
2%
Saksa 5 Josef Wenzl
2%
Espanja 1 Juan Jesus Gutierrez
2%
Slovakia 3 Martin Bajcicak
2%
Tsekki 3 Martin Koukal
2%
Venäjä 4 Mikhail Ivanov
2%
Kazakstan 3 Nikolay Chebotko
2%
Venäjä 4 Nikolay Pankratov
2%
Italia 5 Roland Clara
2%
Liechtenstein 3 Stephen Kunz
2%
Norja 2 Trond Einar Elden
2%
Venäjä 1 Vitaly Denisov
2%
Venäjä 1 Alexei Prokourorov
0%
Ruotsi 3 Anders Högberg
0%
Ruotsi 14 Anders Södergren
0%
Saksa 2 Andreas Schlutter
0%
Venäjä 1 Andrei Noutrikhine
0%
Yhdysvallat 3 Andrew Newell
0%
Venäjä 2 Andrey Parfenov
0%
Venäjä 2 Anton Gafarov
0%
Venäjä 1 Artem Zhmurko
0%
Norja 9 Börre Näs
0%
Sveitsi 1 Curdin Perl
0%
Norja 1 Daniel Stock
0%
Ruotsi 1 Daniel Tynell
0%
Italia 1 David Hofer
0%
Venäjä 1 Dmitriy Japarov
0%
Tsekki 1 Dusan Kozisek
0%
Norja 3 Espen Bjervig
0%
Venäjä 5 Eugeniy Dementiev
0%
Italia 1 Fabio Pasini
0%
Italia 2 Freddy Schwienbacher
0%
Italia 1 Fulvio Scola
0%
Italia 6 Fulvio Valbusa
0%
Norja 1 Gjöran Tefre
0%
Saksa 1 Hannes Dotzler
0%
Norja 5 Håvard Bjerkeli
0%
Norja 4 Håvard Solbakken
0%
Venäjä 9 Ilia Chernousov
0%
Venäjä 2 Ivan Alypov
0%
Slovakia 3 Ivan Batory
0%
Norja 3 Jan Jacob Verdenius
0%
Puola 2 Janusz Krezelok
0%
Ruotsi 1 Jerry Ahrlin
0%
Ruotsi 1 Jesper Mdoin
0%
Norja 7 Johan Kjölstad
0%
Ruotsi 5 Jörgen Brink
0%
Norja 6 Kristen Sjkeldal
0%
Kanada 5 Len Valjas
0%
Italia 1 Maicol Rastelli
0%
Itävalta 1 Martin Tauber
0%
Norja 1 Mathias Rundgreen
0%
Ruotsi 4 Mats Larsson
0%
Venäjä 1 Mickail Devjatiarov
0%
Ruotsi 2 Mikael Östberg
0%
Norja 3 Morten Brörs
0%
Ruotsi 9 Peter Larsson
0%
Venäjä 2 Petr Sedov
0%
Sveitsi 1 Remo Fischer
0%
Italia 3 Renato Pasini
0%
Sveitsi 2 Reto Burgermeister
0%
Norja 1 Ronny Andre Hafsås
0%
Kazakstan 1 Sergey Cherepanov
0%
Venäjä 1 Sergey Novikov
0%
Venäjä 3 Sergey Shiriaev
0%
Norja 3 Simen Östensen
0%
Venäjä 1 Stanislav Volzhentsev
0%
Norja 1 Thomas Helland Larsen
0%
Italia 2 Thomas Moriggl
0%
Norja 1 Thoralf Heimdal
0%
Norja 1 Timo Andre Bakken
0%
Saksa 2 Tom Reichelt
0%
Norja 3 Tore Bjonviken
0%
Yhdysvallat 1 Torin Koos
0%
Italia 4 Valerio Checchi
0%
Venäjä 8 Vassili Rotchev
0%
Venäjä 1 Vladimir Vilissov
0%
Ehtoja vastaavia visoja ei löytynyt
Tulosjakauma
Jokaisen tuloksen saaneiden osuus
Persentiili vastausten määrän mukaan
Tuloshistoriasi
Et ole pelannut tätä visaa